Optimization in Large Scale Problems Industry 4.0 and Society 5.0 Applications /

This volume provides resourceful thinking and insightful management solutions to the many challenges that decision makers face in their predictions, preparations, and implementations of the key elements that our societies and industries need to take as they move toward digitalization and smartness....

Πλήρης περιγραφή

Λεπτομέρειες βιβλιογραφικής εγγραφής
Συγγραφή απο Οργανισμό/Αρχή: SpringerLink (Online service)
Άλλοι συγγραφείς: Fathi, Mahdi (Επιμελητής έκδοσης, http://id.loc.gov/vocabulary/relators/edt), Khakifirooz, Marzieh (Επιμελητής έκδοσης, http://id.loc.gov/vocabulary/relators/edt), Pardalos, Panos M. (Επιμελητής έκδοσης, http://id.loc.gov/vocabulary/relators/edt)
Μορφή: Ηλεκτρονική πηγή Ηλ. βιβλίο
Γλώσσα:English
Έκδοση: Cham : Springer International Publishing : Imprint: Springer, 2019.
Έκδοση:1st ed. 2019.
Σειρά:Springer Optimization and Its Applications, 152
Θέματα:
Διαθέσιμο Online:Full Text via HEAL-Link
LEADER 05869nam a2200553 4500
001 978-3-030-28565-4
003 DE-He213
005 20200310113349.0
007 cr nn 008mamaa
008 191120s2019 gw | s |||| 0|eng d
020 |a 9783030285654  |9 978-3-030-28565-4 
024 7 |a 10.1007/978-3-030-28565-4  |2 doi 
040 |d GrThAP 
050 4 |a QA402.5-402.6 
072 7 |a PBU  |2 bicssc 
072 7 |a MAT003000  |2 bisacsh 
072 7 |a PBU  |2 thema 
082 0 4 |a 519.6  |2 23 
245 1 0 |a Optimization in Large Scale Problems  |h [electronic resource] :  |b Industry 4.0 and Society 5.0 Applications /  |c edited by Mahdi Fathi, Marzieh Khakifirooz, Panos M. Pardalos. 
250 |a 1st ed. 2019. 
264 1 |a Cham :  |b Springer International Publishing :  |b Imprint: Springer,  |c 2019. 
300 |a XI, 340 p. 87 illus., 44 illus. in color.  |b online resource. 
336 |a text  |b txt  |2 rdacontent 
337 |a computer  |b c  |2 rdamedia 
338 |a online resource  |b cr  |2 rdacarrier 
347 |a text file  |b PDF  |2 rda 
490 1 |a Springer Optimization and Its Applications,  |x 1931-6828 ;  |v 152 
505 0 |a Part 1 -- Risk Based Optimization of Integrated Fabrication/Fulfillment Supply Chains (Nasim Nezamoddini, Faisal Aqlan, Amirhosein Gholami) -- μθ-EGF: A New Multi-Thread Implementation Algorithm for the Packing Problem inspired by Electromagnetic Fields and Gravitational Effects (Felix Martinez-Rios and Jose Antonio Marmolejo-Saucedo) -- The Vector Optimization Method for Solving Integer Linear Programming Problems. Application for the Unit Commitment Problem in Electrical Power Production (Lenar Nizamov) -- An Outer Approximation Algorithm for Capacitated Disassembly Scheduling Problem with Parts Commonality and Random Demand (Kanglin Liu, MengWang, Zhi-Hai Zhang),- Multi-Tree Decomposition Methods for Large-Scale Mixed Integer Nonlinear Optimization (Ivo Nowak, Pavlo Muts, and Eligius M.T. Hendrix) -- An Embarrassingly Parallel Method for Large-Scale Stochastic Programs (Burhaneddin Sandıkçı and Osman Y. Özaltın) -- Part 2 -- How to Effectively Train Large Scale Machines (Avan Samareh, Mahshid Salemi Parizi) -- A Graph Search Algorithm for Solving Large Scale Median Problems on Real Road Networks (Saeed Ghanbartehrania, J. David Porterb, Mahnoush Samadi Dinania) -- Solving Large Scale Optimization Problems in the Transportation Industry and Beyond through Column Generation (Yanqi Xu) -- Dynamic Energy Management (Nicholas Moehle, Enzo Busseti, Stephen Boyd, and Matt Wytock) -- An Approximation-Based Approach for Chance-Constrained Vehicle Routing and Air Traffic Control Problems (Lijian Chen) -- Algorithmic Mechanism Design for Collaboration in Large-scale Transportation Networks (Minghui Lai and Xiaoqiang Cai) -- Kantorovich-Rubinstein Distance Minimization: Application to Location Problems (Viktor Kuzmenko, Stan Uryasev). 
520 |a This volume provides resourceful thinking and insightful management solutions to the many challenges that decision makers face in their predictions, preparations, and implementations of the key elements that our societies and industries need to take as they move toward digitalization and smartness. The discussions within the book aim to uncover the sources of large-scale problems in socio-industrial dilemmas, and the theories that can support these challenges. How theories might also transition to real applications is another question that this book aims to uncover. In answer to the viewpoints expressed by several practitioners and academicians, this book aims to provide both a learning platform which spotlights open questions with related case studies. The relationship between Industry 4.0 and Society 5.0 provides the basis for the expert contributions in this book, highlighting the uses of analytical methods such as mathematical optimization, heuristic methods, decomposition methods, stochastic optimization, and more. The book will prove useful to researchers, students, and engineers in different domains who encounter large scale optimization problems and will encourage them to undertake research in this timely and practical field. The book splits into two parts. The first part covers a general perspective and challenges in a smart society and in industry. The second part covers several case studies and solutions from the operations research perspective for large scale challenges specific to various industry and society related phenomena. 
650 0 |a Mathematical optimization. 
650 0 |a Business logistics. 
650 0 |a Mathematical models. 
650 0 |a Manufactures. 
650 1 4 |a Optimization.  |0 http://scigraph.springernature.com/things/product-market-codes/M26008 
650 2 4 |a Supply Chain Management.  |0 http://scigraph.springernature.com/things/product-market-codes/519030 
650 2 4 |a Mathematical Modeling and Industrial Mathematics.  |0 http://scigraph.springernature.com/things/product-market-codes/M14068 
650 2 4 |a Manufacturing, Machines, Tools, Processes.  |0 http://scigraph.springernature.com/things/product-market-codes/T22050 
700 1 |a Fathi, Mahdi.  |e editor.  |4 edt  |4 http://id.loc.gov/vocabulary/relators/edt 
700 1 |a Khakifirooz, Marzieh.  |e editor.  |4 edt  |4 http://id.loc.gov/vocabulary/relators/edt 
700 1 |a Pardalos, Panos M.  |e editor.  |0 (orcid)0000-0003-2824-101X  |1 https://orcid.org/0000-0003-2824-101X  |4 edt  |4 http://id.loc.gov/vocabulary/relators/edt 
710 2 |a SpringerLink (Online service) 
773 0 |t Springer eBooks 
776 0 8 |i Printed edition:  |z 9783030285647 
776 0 8 |i Printed edition:  |z 9783030285661 
776 0 8 |i Printed edition:  |z 9783030285678 
830 0 |a Springer Optimization and Its Applications,  |x 1931-6828 ;  |v 152 
856 4 0 |u https://doi.org/10.1007/978-3-030-28565-4  |z Full Text via HEAL-Link 
912 |a ZDB-2-SMA 
950 |a Mathematics and Statistics (Springer-11649)